| 000 | 00976cam a2200193 4500 | ||
|---|---|---|---|
| 001 | WB3914-04 | ||
| 008 | 030408n2003 000 0 eng u | ||
| 035 | _a(Sirsi) u121921 | ||
| 245 | _aImproving heritage protection | ||
| 260 | _c2003 | ||
| 490 |
_aDCMS News Release _v(40/03) 4 April 2003 (4) |
||
| 520 | _aGovernment and English Heritage have launched a major review of heritage protection. The review will examine the statutory management of the historic environment including the listing of buildings, the scheduling of ancient monuments and the registration of historic parks, gardens and battlefields. A consultation paper is expected in July. www.gnn.gov.uk/gnn/national.nsf/Daily+News/CAB7C435A982DDDF80256CFE003E413C?opendocument | ||
| 590 | _aWB | ||
| 650 | _aHERITAGE PROTECTION | ||
| 650 | _aHISTORIC ENVIRONMENT | ||
| 650 | _aBUILT ENVIRONMENT | ||
| 690 | _aBUILT ENVIRONMENT-BUILDING MAINTENANCE AND REFURBISHMENT-BUILDING CONSERVATION | ||
| 942 | _n0 | ||
| 999 |
_c72456 _d72456 |
||